01190cam a22003135a 45000010009000000050017000090080041000260100017000670200018000840400034001020820021001361000031001572450084001882500012002722600068002843000035003525000126003875000024005135040031005376500044005686500031006126510010006436530024006536550024006777000031007019420008007329990017007409520119007571802369220151027125819.0140129t2014 maua frb 001 0 eng d a 2013050374 a9780124115774 aDLCbengcDLCdD LCdEG-ScBUE04a363.254bBLA2221 aBlack, Inge Sebyan.93858414aThe art of investigative interviewing /cInge Sebyan Black, Charles L. Yeschke. a3rd ed. aWaltham ;aOxford :bButterworth-Heinemann / Elsevier,cc.2014. axxiv, 171 p. :bill. ;c23 cm. aRevised edition of the author's The art of investigative interviewing : a human approach to testimonial evidence, 2nd ed. aIndex : p. 167-171. aBibliography : p. 165-166. 0aInterviewing in law enforcement.2BUEsh 0aPolice questioning.2BUEsh 2BUEsh bBUSBOLcOctober2015 vReading book9342321 aYeschke, Charles L.938582 2ddc c20993d20965 00102ddc40708BaccahaMAINbMAINc1STd2015-10-27ePurchasel0o363.254 BLAp000031205r2025-07-15 00:00:00yBB